000 01800nam a2200541 i 4500
001 51845
003 KOSZ 005
005 20220901143304.0
008 051221s2005 pl f f |001 0 pol
015 _aUWD 2006/176
020 _a8372993998
035 _a991029109219705066
035 _a(PL-WaBN)b17868683-48omnis_nlop
035 _ab17868683
035 _a(OCoLC)749454444
035 _azz2005774078
035 _a(PL)b0000001786868
035 _a(EXLNZ-48OMNIS_NETWORK)9910502814105606
040 _aWA N
_cWA N
_dKOSZ 005/HR
046 _k2005
080 _a512.64
080 _a519.2
080 _a528.1
080 _a(075.8)
100 1 _aWiśniewski, Zbigniew
_d(1952- )
_eAutor
245 1 0 _aRachunek wyrównawczy w geodezji :
_b(z przykładami) /
_cZbigniew Wiśniewski.
260 _aOlsztyn :
_bWydawnictwo Uniwersytetu Warmińsko-Mazurskiego,
_ccop. 2005.
300 _a474 s. ;
_c24 cm.
336 _aTekst
_btxt
_2rdacontent
337 _aBez urządzenia pośredniczącego
_bn
_2rdamedia
338 _aWolumin
_bnc
_2rdacarrier
380 _aKsiążki
380 _aPublikacje dydaktyczne
385 _mPoziom nauczania
_aSzkoły wyższe
388 _a2001-
504 _aBibliogr. s. 470-472. Indeks.
650 7 _aGeodezja
_2DBN
650 7 _aMacierze
_2DBN
650 7 _aRachunek prawdopodobieństwa
_2DBN
650 7 _aRachunek wyrównawczy
_2DBN
655 7 _aPodręczniki akademickie
_2DBN
658 _aGeografia i nauki o Ziemi
658 _aMatematyka
710 2 _aWydawnictwo Uniwersytetu Warmińsko-Mazurskiego (Olsztyn)
_4pbl
856 _uhttp://koha.tu.koszalin.pl/cgi-bin/koha/opac-detail.pl?biblionumber=51845
_yKatalog online BPK
942 _2UKD
_cKS
999 _c51845
_d51845